Поиски, разведка и оценка прогнозных ресурсов и эксплуатационных запасов теплоэнергетических вод

書誌詳細
団体著者: Всесоюзный научно-исследовательский институт гидрогеологии и инженерной геологии (ВСЕГИНГЕО)
その他の著者: Шпак А. А. (составитель)
言語:ロシア語
出版事項: Москва, Недра, 1989
主題:
フォーマット: 図書
KOHA link:https://koha.lib.tpu.ru/cgi-bin/koha/opac-detail.pl?biblionumber=249640

MARC

LEADER 00000nam0a2200000 4500
001 249640
005 20231101232506.0
035 |a (RuTPU)RU\TPU\book\271733 
090 |a 249640 
100 |a 20140206d1989 km y0rusy50 ca 
101 0 |a rus 
102 |a RU 
105 |a y z 001zy 
200 1 |a Поиски, разведка и оценка прогнозных ресурсов и эксплуатационных запасов теплоэнергетических вод  |f Всесоюзный научно-исследовательский институт гидрогеологии и инженерной геологии (ВСЕГИНГЕО) ; сост. А. А. Шпак 
210 |a Москва  |c Недра  |d 1989 
215 |a 126 с. 
320 |a Библиогр.: с. 124-125. 
606 1 |a Геотермика  |x (геология)  |2 stltpush  |3 (RuTPU)RU\TPU\subj\38589  |9 59016 
610 1 |a теплоэнергетические воды 
610 1 |a прогноз 
610 1 |a поиск 
610 1 |a разведка 
610 1 |a оценка 
610 1 |a эксплуатационные запасы 
675 |a 553.78.04  |v 3 
702 1 |a Шпак  |b А. А.  |4 220 
712 0 2 |a Всесоюзный научно-исследовательский институт гидрогеологии и инженерной геологии (ВСЕГИНГЕО)  |c (пос. Зеленый, Московская область)  |2 stltpush  |3 (RuTPU)RU\TPU\col\2061 
801 1 |a RU  |b 63413507  |c 20140206 
801 2 |a RU  |b 63413507  |c 20140218  |g RCR 
942 |c BK